| 000 | 01290nam a2200289 4500 | ||
|---|---|---|---|
| 003 | EC-UNACH | ||
| 005 | 20241004155213.0 | ||
| 006 | s||||gr|||| 00| 00 | ||
| 008 | 150116t9999 mx r gr 000 0 spa d | ||
| 020 | _a978-84-290-2689-4 | ||
| 040 |
_aEC-UNACH _cEC-UNACH |
||
| 041 | _aspa | ||
| 082 | 0 | 4 |
_223 _a368 _bL016664 |
| 100 | _aColina Garea, Rafael. | ||
| 245 | _aEl consumo de seguros, ¿Consumimos seguros? | ||
| 250 | _aPrimera Edición. | ||
| 264 |
_aMadrid, España. _bREUS, S.A. _c2022 |
||
| 300 |
_a240 páginas _c21 centímetros. |
||
| 505 | _aIncluye: Aclaraciones previas. Planteamiento.-- Motivos que justifican la necesidad de ahondar en la protección del consumidor de productos asegurativos.-- El adecuado funcionamiento del sector asegurador y otras razones que cuestionan la necesidad de ahondar en la protección del consumidor de seguros.-- La legislación sectorial y su aptitud para proteger al consumidor de seguros. Instrumentos normativos actualmente disponibles y perspectivas del futuro. | ||
| 650 | _aLEGISLACIÓN ESPAÑOLA. | ||
| 650 | _aSEGUROS. | ||
| 650 | _aCONSUMIDOR DE PRODUCTOS ASEGURATIVOS. | ||
| 942 |
_2ddc _c1 |
||
| 999 | _c13453 | ||